[Event "Nordic-chT"]
[Site "Slupsk"]
[Date "1987.??.??"]
[Round "3"]
[White "Pirttimaki, Timo"]
[Black "Wegner, Hannu"]
[Result "1-0"]
[WhiteElo "2275"]
[BlackElo "2370"]

1.e4 c5 2.Nf3 e6 3.d4 cxd4 4.Nxd4 Nc6 5.Nc3 d6 6.Be2 Nf6 7.Be3 Be7 8.O-O O-O
9.f4 Bd7 10.Qe1 Nxd4 11.Bxd4 Bc6 12.Qg3 g6 13.f5 a5 14.Be3 Nxe4 15.Nxe4 Bxe4
16.Bh6 Re8 17.Kh1 Bf8 18.Bxf8 Rxf8 19.f6 Kh8 20.c4 Qc7 21.Qg5 Rae8 22.Rac1 Rg8
23.Rc3 Qc8 24.Re3 Bf5 25.g4 Qc6+ 26.Kg1 d5 27.Rff3 d4 28.Ra3  1-0

[Event "Spijkenisse"]
[Site "Spijkenisse"]
[Date "1987.??.??"]
[Round "4"]
[White "Ioseliani, Nana"]
[Black "Cramling, Pia"]
[Result "1-0"]
[WhiteElo "2455"]
[BlackElo "2435"]

1.e4 c5 2.Nf3 e6 3.d4 cxd4 4.Nxd4 Nc6 5.Nc3 Qc7 6.Be2 a6 7.O-O Nf6 8.Be3 Bb4
9.Nxc6 bxc6 10.Qd4 c5 11.Qc4 Bb7 12.a3 Bxc3 13.Qxc3 O-O 14.f3 Rfc8 15.Bg5 Ne8
16.e5 d5 17.f4 d4 18.Qg3 Be4 19.Rac1 Qb6 20.b3 Ra7 21.Bc4 Rd7 22.Qf2 h6 23.Bh4 Nc7
24.Qe2 Bh7 25.Rf3 Nd5 26.Bd3 Bxd3 27.Qxd3 Qb5 28.Qd2 Ne3 29.Bf2 Rcd8 30.h3 Nd5
31.Bh4 Re8 32.Rd1 a5 33.Rg3 Kh8 34.f5 Kh7 35.a4 Qa6 36.Qf2 Rg8 37.Rdd3 Ne3
38.Rgxe3 dxe3 39.Qxe3 Rxd3 40.cxd3 exf5 41.Qf3 Qe6 42.Be1 Rd8 43.Bxa5 Rd5
44.Bc7 g6 45.a5 Rd7 46.Bd6 Qxb3 47.Qc6 Rb7 48.e6 fxe6 49.a6 Ra7 50.Qxc5 Rf7
51.Be5 Qxd3 52.Qb6 Qd1+ 53.Kh2 Qd5 54.Qb8  1-0

[Event "Tatran Cup"]
[Site "Stary Smokovec"]
[Date "1987.??.??"]
[Round "?"]
[White "Lengyel, Bela"]
[Black "Beil, Zdenek"]
[Result "1-0"]
[WhiteElo "2425"]
[BlackElo "2405"]

1.e4 c5 2.Nf3 Nc6 3.d4 cxd4 4.Nxd4 e6 5.Nc3 a6 6.Nxc6 bxc6 7.Bd3 d5 8.O-O Nf6
9.Qe2 Be7 10.b3 Qc7 11.Bb2 Bb7 12.e5 Nd7 13.Na4 Nb6 14.Nxb6 Qxb6 15.Qg4 g6
16.h4 Qb4 17.Bd4 h5 18.Qf4 c5 19.c3 Qb6 20.Be3 Qc6 21.f3 Rd8 22.Rfe1 Rd7
23.b4 c4 24.Bc2 Qc7 25.Qd4 Kf8 26.Bg5 Bxg5 27.hxg5 h4 28.Kf2 Qd8 29.f4 Kg7
30.Rh1 Bc6 31.Rh3 Qa8 32.a4 Rh7 33.Ke2 Rb7 34.Rah1 Qe8 35.Ra1 Rb8 36.Kd2 Qd7
37.a5 Bb5 38.Rah1 Rbh8 39.Rf1 Qe7 40.Ke3 Qd8 41.Rfh1 Qe7 42.Qc5 Qd7 43.Ra1 Rd8
44.Qd4 Qe7 45.Kf3 Rdh8 46.Kg4 Qd7 47.Bd1 Kg8 48.Kf3 Kg7 49.Ke2 Qe7 50.Kd2 Qe8
51.Kc1 Qd7 52.Kb2 Qe8 53.Ka3 Qd7 54.Bc2 Kg8 55.Rah1 Qb7 56.Bd1 Kg7 57.Bc2 Kg8
58.Qb6 Qd7 59.Rd1 Rh5 60.Qg1 Kg7 61.Rd4 Kg8 62.Qd1 R5h7 63.Ba4 Kg7 64.Bxb5 Qxb5
65.Qa4 Qb7 66.Kb2 Rb8 67.Kc1 Qc7 68.Kd2 Qb7 69.Ke2 Qc7 70.Kf1 Qb7 71.Kg1 Qc7
72.Kh2 Qb7 73.Qd1 Qc6 74.Qa1 Qc7 75.Rd2 Qc6 76.Qg1 Qc7 77.Qd4 Rh5 78.Rd1 Rh7
79.Kg1 Qc6 80.Ra1 Qb5 81.Kf2 Qc6 82.Ke2 Qb5 83.Kd2 Qc6 84.Kc2 Qb5 85.Kb2 Qc6
86.Ka3 Rb5 87.g4 hxg3 88.Rxh7+ Kxh7 89.Rh1+ Kg8 90.f5 g2 91.Rg1 exf5 92.Rxg2 Qe6
93.Rh2 Rb7 94.Rh3 Re7 95.Qh4 Qxe5 96.Qh7+ Kf8 97.Re3  1-0

[Event "Tatran Cup"]
[Site "Stary Smokovec"]
[Date "1987.??.??"]
[Round "?"]
[White "Kindermann, Stefan"]
[Black "Paunovic, Dragan"]
[Result "1/2-1/2"]
[WhiteElo "2490"]
[BlackElo "2450"]

1.e4 c5 2.Nf3 e6 3.d4 cxd4 4.Nxd4 Nc6 5.Nc3 Qc7 6.g3 a6 7.Bg2 Nf6 8.O-O Be7
9.a4 O-O 10.Be3 d6  1/2-1/2

[Event "Stockholm"]
[Site "Stockholm"]
[Date "1987.??.??"]
[Round "?"]
[White "Winsnes, Rikard"]
[Black "Svenn, Gosta"]
[Result "0-1"]
[WhiteElo "2290"]
[BlackElo "2200"]

1.e4 c5 2.Nf3 e6 3.d4 cxd4 4.Nxd4 Nc6 5.Nc3 a6 6.Be2 Qc7 7.O-O Nxd4 8.Qxd4 b5
9.Bd2 Bb7 10.b4 Bd6 11.f4 e5 12.Qf2 Nf6 13.Bd3 exf4 14.Rae1 O-O 15.Qh4 Rae8
16.Nd5 Bxd5 17.exd5 Qb6+ 18.Kh1 Rxe1 19.Rxe1 Qd4 20.Rf1 Qxd5 21.Bxf4 Qd4
22.Qg3 Bxf4 23.Rxf4 Qe5 24.Qf2 Re8 25.h3 d5 26.Rf5 Qe1+ 27.Kh2 Qxb4 28.Qg3 Qe7
29.Rg5 g6 30.h4 Qe3 31.Qd6 Qe6 32.Qg3 h6 33.Rxg6+ fxg6 34.Qxg6+ Kf8 35.Qxh6+ Ke7  0-1

[Event "SWE-ch"]
[Site "Stockholm"]
[Date "1987.??.??"]
[Round "?"]
[White "Winsnes, Rikard"]
[Black "Cramling, Pia"]
[Result "1/2-1/2"]
[WhiteElo "2290"]
[BlackElo "2455"]

1.e4 c5 2.Nf3 e6 3.d4 cxd4 4.Nxd4 Nc6 5.Nc3 a6 6.Be3 Nf6 7.g4 h5 8.gxh5 Rxh5
9.Qe2 Bb4 10.Rg1 g6 11.Nxc6 bxc6 12.Bg5 Rxg5 13.Rxg5 Nxe4 14.Rxg6 fxg6 15.Qxe4 Bxc3+
16.bxc3 Qf6 17.O-O-O Rb8 18.Bd3 Qxc3 19.Qe3 Qa3+ 20.Kd2 Qa5+ 21.Kc1 Qa3+
22.Kd2 Qa5+ 23.Kc1 Qa3+ 24.Kd2 Qa5+  1/2-1/2

[Event "SWE-ch"]
[Site "Stockholm"]
[Date "1987.??.??"]
[Round "?"]
[White "Schneider, Lars Ake"]
[Black "Bergstrom, Christer"]
[Result "1-0"]
[WhiteElo "2425"]
[BlackElo "2435"]

1.e4 c5 2.Nf3 e6 3.d4 cxd4 4.Nxd4 Nc6 5.Nc3 a6 6.Be2 Qc7 7.f4 b5 8.Nxc6 Qxc6
9.Bf3 Bb7 10.O-O Rc8 11.Kh1 Bc5 12.a4 b4 13.e5 Qc7 14.Ne4 Bxe4 15.Bxe4 Ne7
16.a5 g6 17.Qd3 Qa7 18.Bd2 h5 19.Ra4 h4 20.h3 Nf5 21.Bxf5 gxf5 22.Bxb4 Rg8
23.Be1 Qb7 24.Qe2 Be7 25.b3 f6 26.exf6 Bxf6 27.Rb4 Qd5 28.c4 Qa8 29.Rb6 Kf7
30.Rf3 Rc6 31.Rd3 Rxb6 32.axb6 Qc6 33.Qf3 Qxf3 34.gxf3 Rb8 35.Bf2 d6 36.b4 Rc8
37.c5 dxc5 38.bxc5  1-0

[Event "Stockholm"]
[Site "Stockholm"]
[Date "1987.??.??"]
[Round "?"]
[White "Winsnes, Rikard"]
[Black "Svensson, Bengt"]
[Result "0-1"]
[WhiteElo "2290"]
[BlackElo "2330"]

1.e4 c5 2.Nf3 e6 3.d4 cxd4 4.Nxd4 Nc6 5.Nc3 d6 6.Be3 Nf6 7.f3 Be7 8.Qd2 O-O
9.g4 d5 10.g5 Nh5 11.Rg1 dxe4 12.Nxe4 Qc7 13.O-O-O Rd8 14.Qc3 e5 15.Nxc6 Rxd1+
16.Kxd1 bxc6 17.Bc4 Bf5 18.Kc1 Rd8 19.h4 Bg6 20.Bd3 Bf8 21.a3 Nf4 22.Bxf4 exf4
23.Re1 Bh5 24.Bc4 Qd7 25.Qb3 Bg6 26.Rh1 Bxe4 27.fxe4 Qd2+ 28.Kb1 Qg2 29.Rf1 Qxe4
30.Bxf7+ Kh8 31.Bh5 Qe5 32.Ka2 Rb8 33.Re1 Qd6 34.Re8 Rxb3  0-1

[Event "Stockholm"]
[Site "Stockholm"]
[Date "1987.??.??"]
[Round "?"]
[White "Ziegler, Ari"]
[Black "Svenn, Gosta"]
[Result "0-1"]
[WhiteElo "2225"]
[BlackElo "2200"]

1.e4 c5 2.Nf3 e6 3.d4 cxd4 4.Nxd4 Nc6 5.Nc3 a6 6.f4 Qc7 7.Be2 Nxd4 8.Qxd4 b5
9.Be3 Bb7 10.O-O Rc8 11.Rad1 Nf6 12.Bf3 h5 13.Kh1 Be7 14.Rd2 d6 15.f5 O-O
16.a3 Ng4 17.Bxg4 hxg4 18.e5 dxe5 19.Qxg4 exf5 20.Rxf5 Rcd8 21.Rh5 Rxd2 22.Bxd2 g6
23.Rh6 Bf6 24.Bg5 Bg7 25.Rh4 Qc6 26.h3 f5 27.Qe2 Rf7 28.Kh2 f4 29.Bh6 f3
30.gxf3 Bxh6 31.Rxh6 Rxf3 32.Qg2 Kg7 33.Nd5 Kxh6 34.Qxf3 Qxd5 35.Qf8+  0-1

[Event "Stockholm"]
[Site "Stockholm"]
[Date "1987.??.??"]
[Round "?"]
[White "Schneider, Lars Ake"]
[Black "Kinnmark, Ove"]
[Result "1-0"]
[WhiteElo "2425"]
[BlackElo "2200"]

1.e4 c5 2.Nf3 Nc6 3.d4 cxd4 4.Nxd4 e6 5.Nc3 a6 6.Be2 Qc7 7.f4 b5 8.Nxc6 Qxc6
9.Bf3 Bb7 10.O-O b4 11.Ne2 Qc7 12.Kh1 Nf6 13.e5 Nd5 14.Bd2 Bc5 15.c3 a5 16.Rc1 Qb6
17.Ng3 O-O 18.Nh5 Ne7 19.Bxb7 Qxb7 20.Qg4 Ng6 21.f5 exf5 22.Rxf5 bxc3 23.Bxc3 Be3
24.Rd1 Bh6 25.Rf3 Qb5 26.a4 Qb6 27.Rxd7 Rae8 28.Qg3 Qc6 29.Rd1 Qxa4 30.Rdf1 Qb5
31.Rf5 Re6 32.h3 Qb6 33.Qf2 Qc7 34.Qd2 Ra6 35.Qd4 Re6 36.Qd5 Ra6 37.R5f3 Qe7
38.Ng3 Qe6 39.Qb5 Bg5 40.Nf5 Ra7 41.Nd4 Qa6 42.e6 Bf6 43.exf7+ Rfxf7 44.Qb8+ Nf8
45.Qb3 a4 46.Qd5 Rd7 47.Qa2 Ng6 48.Nf5 Bxc3 49.Nh6+ gxh6 50.Rxf7 Rxf7 51.Qxf7+  1-0

[Event "Stockholm"]
[Site "Stockholm"]
[Date "1987.??.??"]
[Round "?"]
[White "Johansson, Gunnar"]
[Black "Ziegler, Ari"]
[Result "1-0"]
[WhiteElo "2340"]
[BlackElo "2225"]

1.e4 c5 2.Nc3 Nc6 3.Nf3 e6 4.d4 cxd4 5.Nxd4 d6 6.Be3 Nf6 7.Bc4 Be7 8.O-O O-O
9.Bb3 Na5 10.f4 Nxb3 11.axb3 e5 12.Nf5 Bxf5 13.exf5 a6 14.g4 exf4 15.Rxf4 Nd7
16.Rd4 Bg5 17.Bf2 Bh4 18.Bxh4 Qxh4 19.Qe1 Qh3 20.Qf1 Qh6 21.Qf4 Qxf4 22.Rxf4 Ne5
23.Nd5 f6 24.Kg2 Kf7 25.Rb4 Rab8 26.Kg3 Rfc8 27.c4 Rc6 28.Rb6 Rxb6 29.Nxb6 g6
30.fxg6+ hxg6 31.Rd1 Ke6 32.h4 Rh8 33.Nd5 Rc8 34.Nf4+ Ke7 35.Nd5+ Ke6 36.Rf1 Rf8
37.g5 f5 38.h5 gxh5 39.Nf4+ Ke7 40.Nxh5 Ng6 41.Nf4 Kf7 42.Rh1 Rh8 43.Rxh8 Nxh8
44.b4 Kf8 45.Ne6+ Ke7 46.Nd4 Ng6 47.b3 Ne5 48.Nxf5+ Ke6 49.Nd4+ Kf7 50.Kf4 Nd3+
51.Kf5 Nxb4 52.g6+ Kg7 53.Kg5 Nc6 54.Nf5+  1-0

[Event "Rilton Cup"]
[Site "Stockholm"]
[Date "1987.??.??"]
[Round "?"]
[White "Radulov, Ivan"]
[Black "Bergstrom, Christer"]
[Result "1/2-1/2"]
[WhiteElo "2435"]
[BlackElo "2440"]

1.e4 c5 2.Nf3 Nc6 3.d4 cxd4 4.Nxd4 e6 5.Nc3 a6 6.g3 Qc7 7.Bg2 Nf6 8.O-O Nxd4
9.Qxd4 Bc5 10.Bf4 d6 11.Qd2 h6 12.Rad1 e5 13.Be3 Bg4 14.f3 Be6 15.Kh1 O-O
16.f4 Bxe3 17.Qxe3 Rad8 18.h3 b5 19.a3 Bc4 20.Rg1 a5 21.b3 b4 22.Na2 exf4
23.gxf4 Be6 24.f5 Bc8 25.Bf3 Kh7 26.Qd4 Rg8 27.axb4 Qxc2 28.Nc3 d5 29.Nxd5 Nxd5
30.exd5 Qxb3 31.Qe4 Rde8 32.Qf4 Re3 33.Rg3 axb4 34.Rdg1 Qc3 35.f6 g6 36.Be4 Rxg3
37.Rxg3 Qa1+ 38.Rg1 Qc3 39.Rg3 Qa1+ 40.Rg1 Qb2 41.Rg2 Qa3 42.h4 Bf5 43.Bxf5 Qa1+
44.Kh2 Qxf6 45.d6 gxf5 46.Rxg8 Kxg8 47.d7 Qd8 48.Qxf5 b3 49.Qg4+ Kf8 50.Qb4+ Kg8
51.Qg4+  1/2-1/2

[Event "BCF-ch"]
[Site "Swansea"]
[Date "1987.??.??"]
[Round "?"]
[White "Agnos, Demetrios"]
[Black "Lawton, Geoffrey W"]
[Result "1/2-1/2"]
[WhiteElo "2330"]
[BlackElo "2375"]

1.e4 c5 2.Nf3 Nc6 3.d4 cxd4 4.Nxd4 e6 5.Nc3 Nf6 6.Ndb5 d6 7.Bf4 e5 8.Bg5 a6
9.Na3 b5 10.Bxf6 gxf6 11.Nd5 f5 12.Bd3 Be6 13.Qh5 Bg7 14.O-O f4 15.Nb1 O-O
16.Nd2 Rb8 17.Nf3 Qd7 18.Ng5 h6 19.Nf6+ Bxf6 20.Qxh6 Bxg5 21.Qxg5+ Kh7 22.Qh5+ Kg7
23.Qg5+ Kh7 24.Qh5+ Kg7 25.Qg5+ Kh7 26.Qh5+  1/2-1/2

[Event "BCF-ch"]
[Site "Swansea"]
[Date "1987.??.??"]
[Round "?"]
[White "Mestel, A Jonathan"]
[Black "Martin, Andrew D"]
[Result "1-0"]
[WhiteElo "2515"]
[BlackElo "2375"]

1.e4 c5 2.Nf3 e6 3.d4 cxd4 4.Nxd4 Nc6 5.Nc3 Qc7 6.g3 a6 7.Bg2 Nf6 8.O-O Nxd4
9.Qxd4 Bc5 10.Bf4 d6 11.Qd2 h6 12.Rad1 e5 13.Be3 Ke7 14.f4 Be6 15.fxe5 dxe5
16.Nd5+ Bxd5 17.exd5 Rhe8 18.Kh1 Rad8 19.Qc3 Kd6 20.b4 Bxe3 21.Qxe3 e4 22.Rxf6+ gxf6
23.Qf4+ Re5 24.Qxf6+ Kd7 25.Bh3+ Ke8 26.d6  1-0

[Event "BCF-ch"]
[Site "Swansea"]
[Date "1987.??.??"]
[Round "?"]
[White "Crawley, Gavin"]
[Black "Plaskett, Jim"]
[Result "0-1"]
[WhiteElo "2345"]
[BlackElo "2475"]

1.e4 c5 2.Nf3 Nc6 3.d4 cxd4 4.Nxd4 e6 5.Nc3 Qc7 6.Be2 a6 7.O-O Nf6 8.Nxc6 bxc6
9.Bg5 Bd6 10.f4 h6 11.Bxf6 gxf6 12.Qd2 Rb8 13.b3 h5 14.Rad1 Be7 15.Kh1 h4
16.Rf3 Kf8 17.Rh3 d5 18.g3 f5 19.exf5 exf5 20.gxh4 Rb4 21.Rf1 Bd6 22.Na4 Rxf4
23.Rxf4 Bxf4 24.Qd4 Be5 25.Qb6 Qe7 26.Qxc6 Bb7 27.Qc5 d4+ 28.Bf3 Bd6 29.Qxd4 Qe1+
30.Qg1 Qxh4 31.Bxb7 Qxh3 32.Nb6 Bxh2 33.Qg2 Qe3 34.Nd7+ Ke7 35.Qg7 Qe1+ 36.Kg2 Qe2+  0-1

[Event "URS Army-ch"]
[Site "Tashkent"]
[Date "1987.??.??"]
[Round "?"]
[White "Yurtaev, Leonid"]
[Black "Nenashev, Alexander"]
[Result "0-1"]
[WhiteElo "2460"]
[BlackElo "2420"]

1.e4 c5 2.Nf3 Nc6 3.d4 cxd4 4.Nxd4 e6 5.Nc3 a6 6.Be2 Qc7 7.O-O Nf6 8.Be3 Bb4
9.Na4 O-O 10.c4 Nxe4 11.c5 d5 12.Nb6 Rb8 13.Nb3 d4 14.Bxd4 Rd8 15.Bd3 Nxd4
16.Bxe4 Qe5 17.Qg4 Nxb3 18.Bxh7+ Kxh7 19.Qh4+ Kg6 20.Qxd8 Nxa1 21.Nxc8 Nc2
22.Qd3+ f5 23.Nb6 Rh8 24.h3 Nd4 25.Rd1 Rd8 26.Nc4 Qf4 27.Kf1 Nc6  0-1

[Event "Tashkent"]
[Site "Tashkent"]
[Date "1987.??.??"]
[Round "?"]
[White "Zagrebelny, Sergey"]
[Black "Saltaev, Mihail"]
[Result "0-1"]
[WhiteElo "2270"]
[BlackElo "2345"]

1.e4 c5 2.Nf3 e6 3.d4 cxd4 4.Nxd4 Nc6 5.Nc3 Qc7 6.Be2 a6 7.O-O b5 8.Nxc6 dxc6
9.f4 b4 10.Na4 Nf6 11.Bd3 c5 12.b3 Bb7 13.Qe2 c4 14.Bxc4 Nxe4 15.Bb2 Bd6
16.Bd3 f5 17.Qe3 O-O 18.Rad1 Rae8 19.Bd4 g5 20.g3 gxf4 21.gxf4 Kf7 22.Bxe4 Rg8+
23.Kf2 Bxe4 24.Qh3 Rg2+ 25.Ke3 Kg8 26.Rd2 Rg4 27.Qh6 Rg6 28.Qh5 e5 29.fxe5 Bxe5
30.Bb6 Qf7 31.Qh4 Bf6  0-1

[Event "Tashkent"]
[Site "Tashkent"]
[Date "1987.??.??"]
[Round "?"]
[White "Saltaev, Mihail"]
[Black "Tseshkovsky, Vitaly"]
[Result "1-0"]
[WhiteElo "2345"]
[BlackElo "2485"]

1.e4 c5 2.Nf3 Nc6 3.d4 cxd4 4.Nxd4 e6 5.Nc3 Qc7 6.Be3 a6 7.Qd2 Nf6 8.f3 d6
9.O-O-O Be7 10.g4 b5 11.g5 Nd7 12.f4 Nxd4 13.Bxd4 O-O 14.f5 b4 15.Ne2 e5
16.Be3 Nc5 17.Ng3 b3 18.Kb1 bxa2+ 19.Ka1 Kh8 20.f6 gxf6 21.gxf6 Bxf6 22.Qxd6 Qxd6
23.Rxd6 Ne6 24.Bc4 Bg5 25.Rxe6 Bxe3 26.Rxe5 Bh3 27.c3 a5 28.Re1 Bf2 29.Rd1 a4
30.Kxa2 Rfc8 31.Bxf7 a3 32.Rb5 Bg4 33.Rd3 Ra7 34.Bd5 Be1 35.Rb3 axb2+ 36.Kxb2 Rac7
37.c4 Rf8 38.Nf5 Bxf5 39.exf5 Rxf5 40.Rb8+ Kg7 41.Rg8+ Kh6 42.Rh3+ Rh5 43.Re3 Rxh2+
44.Kb3 Bd2 45.Re6+  1-0

[Event "Timisoara"]
[Site "Timisoara"]
[Date "1987.??.??"]
[Round "?"]
[White "Tischbierek, Raj"]
[Black "Nun, Jiri"]
[Result "1/2-1/2"]
[WhiteElo "2435"]
[BlackElo "2445"]

1.e4 c5 2.Nf3 Nc6 3.Nc3 e6 4.d4 cxd4 5.Nxd4 Nf6 6.Nxc6 bxc6 7.e5 Nd5 8.Ne4 f5
9.exf6 Nxf6 10.Nd6+ Bxd6 11.Qxd6 Qe7 12.Bf4 Ne4 13.Qd4 d5 14.Bd3 Nc5 15.O-O-O Nxd3+
16.Rxd3 O-O 17.Re1 c5 18.Qe3 d4 19.Qg3 Rf5 20.Bd6 Qg5+ 21.Qxg5 Rxg5 22.Rg3 Rd5
23.Be5 Rd7 24.Re4 a5 25.Reg4 Raa7 26.c3 dxc3 27.Bxc3 a4 28.a3 Rf7 29.f3 g6
30.Rc4 Rf5 31.f4 Bb7 32.Be5 Ra5 33.Bc3 Bd5 34.Bxa5 Bxc4 35.Bc7 Rd5 36.Kc2 Bb3+  1/2-1/2

[Event "Timisoara"]
[Site "Timisoara"]
[Date "1987.??.??"]
[Round "?"]
[White "Ghinda, Mihail Viorel"]
[Black "Liang Jinrong"]
[Result "1/2-1/2"]
[WhiteElo "2460"]
[BlackElo "2415"]

1.e4 c5 2.Nc3 Nc6 3.Nge2 e6 4.d4 cxd4 5.Nxd4 a6 6.Be2 Qc7 7.f4 Bb4 8.Nxc6 Qxc6
9.Qd4 Bxc3+ 10.bxc3 Nf6 11.e5 Nd5 12.Bd2 b5 13.a4 Bb7 14.Rb1 Ne7 15.Rg1 Qe4
16.axb5 axb5 17.Rxb5 Nf5 18.Qxe4 Bxe4 19.Bd3 Bc6 20.Rb6 f6 21.exf6 gxf6 22.Kf2 Nd6
23.g4 Ne4+ 24.Ke3 Nxd2 25.Kxd2 h6 26.h4 Ke7 27.Ke3 Rhb8 28.Rxb8 Rxb8 29.c4 Rg8
30.c5 Ra8 31.g5 hxg5 32.fxg5 fxg5 33.Rxg5 Ra1 34.Rh5 Rh1 35.Kf4 Kf6 36.Rh6+ Kg7
37.Rg6+ Kf7 38.Rh6 Kg7 39.Rh7+ Kf6 40.Kg3 e5 41.Rh6+ Kg7 42.Rg6+ Kf7 43.Rd6  1/2-1/2

[Event "Toronto"]
[Site "Toronto"]
[Date "1987.??.??"]
[Round "?"]
[White "Findlay, Ian T"]
[Black "Stone, Raymond"]
[Result "0-1"]
[WhiteElo "2410"]
[BlackElo "2340"]

1.e4 c5 2.Nf3 e6 3.d4 cxd4 4.Nxd4 Nc6 5.Nc3 Qc7 6.Be2 a6 7.O-O Nf6 8.Be3 Bb4
9.Na4 O-O 10.c4 Be7 11.Nc3 d6 12.Rc1 Ne5 13.f3 b6 14.Qb3 Rb8 15.Rfd1 Bb7
16.a3 h6 17.Bf1 Nh5 18.Nce2 Rfc8 19.Ng3 Nf6 20.Kh1 h5 21.Bg5 h4 22.Bxh4 Nxe4
23.Bxe7 Nxg3+ 24.hxg3 Qxe7 25.Qe3 g6 26.Be2 Kg7 27.f4 Nd7 28.Bf3 Nf6 29.Rc3 Bxf3
30.Nxf3 Rc5 31.Qd4 e5 32.Qe3 Qc7 33.b4 Rxc4 34.Rxc4 Qxc4 35.Rxd6 Ng4 36.Qe1 exf4
37.gxf4 Qxf4 38.Qc3+ Kg8 39.Qc7 Qh6+ 40.Kg1 Qe3+ 41.Kh1 Qh6+ 42.Kg1 Qe3+
43.Kh1 Re8 44.Rd8 Qh6+ 45.Kg1 Qe3+ 46.Kh1 Rxd8 47.Qxd8+ Kg7 48.Qc7 Qh6+ 49.Kg1 Qe3+
50.Kh1 Qxa3 51.Qxb6 Qc1+ 52.Ng1 Qh6+ 53.Nh3 Qc1+ 54.Ng1 Qf4 55.Nf3 Qh6+  0-1

[Event "Toronto"]
[Site "Toronto"]
[Date "1987.??.??"]
[Round "?"]
[White "Pajak, John T"]
[Black "Stone, Raymond"]
[Result "0-1"]
[WhiteElo "2265"]
[BlackElo "2340"]

1.e4 c5 2.Nf3 Nc6 3.d4 cxd4 4.Nxd4 e6 5.Nc3 Qc7 6.g3 d6 7.Bg2 Nf6 8.O-O a6
9.h3 Be7 10.g4 O-O 11.g5 Nd7 12.Nde2 b5 13.f4 b4 14.Nb1 d5 15.exd5 exd5 16.f5 Nb6
17.Bf4 Qd8 18.c4 Bxg5 19.c5 Nd7 20.Qxd5 Bxf4 21.Nxf4 Bb7 22.Qd6 Na5 23.Nd5 Bxd5
24.Qxd5 Rc8 25.Qd4 Nxc5 26.Qxb4 Nd3 27.Qg4 Qb6+ 28.Kh2 Qxb2 29.f6 g6 30.Qg5 Rc2
31.Na3 h6 32.Qg3 Qxa3 33.Rad1 Rxg2+  0-1

[Event "Trnava"]
[Site "Trnava"]
[Date "1987.??.??"]
[Round "?"]
[White "Lanc, Alois"]
[Black "Jansa, Vlastimil"]
[Result "1-0"]
[WhiteElo "2495"]
[BlackElo "2465"]

1.e4 c5 2.Nf3 e6 3.d4 cxd4 4.Nxd4 Nc6 5.Nc3 a6 6.Nxc6 bxc6 7.e5 Qa5 8.f4 f5
9.Qd3 Rb8 10.Bd2 Nh6 11.Be2 Be7 12.Bf3 Qc7 13.Na4 O-O 14.O-O-O c5 15.c4 Bb7
16.b3 Nf7 17.Bc3 Rfd8 18.Qd2 Bxf3 19.gxf3 Qc6 20.Rhg1 Rb7 21.Rg3 Bf8 22.Qg2 d5
23.exd6 Nxd6 24.Qe2 Re8 25.Rdg1 Nc8 26.h4 Qc7 27.Be5 Qf7 28.Nxc5 Bxc5 29.Rxg7+ Qxg7
30.Rxg7+ Rxg7 31.Bxg7 Kxg7 32.Qe5+ Kf7 33.Qxc5 Ne7 34.a4 Rg8 35.a5 Rg3 36.Qf2 Rh3
37.b4 Ng6 38.Qa7+ Kf6 39.Qd4+ Kf7 40.b5 Rxh4 41.bxa6 Nxf4 42.Qd7+  1-0

[Event "Tirnavia-B"]
[Site "Trnava"]
[Date "1987.??.??"]
[Round "7"]
[White "Lanka, Zigurds"]
[Black "Ksieski, Zbigniew"]
[Result "1-0"]
[WhiteElo "2375"]
[BlackElo "2365"]

1.e4 c5 2.Nf3 e6 3.d4 cxd4 4.Nxd4 Nc6 5.Nc3 a6 6.Be2 Nge7 7.f4 Nxd4 8.Qxd4 Qc7
9.O-O Nf5 10.Qd3 Nd4 11.Bd1 Be7 12.Qg3 O-O 13.Be3 Nb5 14.Na4 Nd6 15.Nb6 Rb8
16.f5 Bd8 17.f6 g6 18.e5 Nf5 19.Rxf5 exf5 20.Qf4 Kh8 21.Bf3 Qxc2 22.Nxc8 Qxc8
23.Rc1 Bc7 24.Qh6 Rg8 25.Rc4 g5 26.Bh5 d5 27.Rc1 Qe6 28.Rxc7 Qxe5 29.Re7 Qxb2
30.Rxf7 Qb1+ 31.Kf2 f4 32.Bd4 Qc2+ 33.Be2 Qe4 34.Rxh7+  1-0

[Event "Voronez"]
[Site "Voronez"]
[Date "1987.??.??"]
[Round "?"]
[White "Prandstetter, Eduard"]
[Black "Balashov, Yuri S"]
[Result "1/2-1/2"]
[WhiteElo "2385"]
[BlackElo "2550"]

1.e4 c5 2.Nf3 e6 3.d4 cxd4 4.Nxd4 Nc6 5.Nc3 a6 6.Be2 Qc7 7.f4 b5 8.Nxc6 Qxc6
9.Bf3 Bb7 10.Be3 Rc8 11.a3 Qc4 12.Qd4 Qxd4 13.Bxd4 Ne7 14.O-O-O Nc6 15.e5 Na5
16.Bxb7 Nxb7 17.Ne4 Be7 18.Bf2 f6 19.exf6 gxf6 20.Bh4 f5 21.Bxe7 Kxe7 22.Ng5 Rhg8
23.Rd2 Nc5 24.Kb1 h6 25.Nf3 Ne4 26.Re2 Rc4 27.Rd1 d6 28.g3 Rgc8 29.Rd3 b4
30.axb4 Rxb4 31.Ree3 Rcb8 32.b3 Nc5 33.Rd4 a5 34.Rxb4 axb4 35.Nd2 d5 36.Nf3 Ne4
37.Kb2 Kd6  1/2-1/2

[Event "Vrsac"]
[Site "Vrsac"]
[Date "1987.??.??"]
[Round "?"]
[White "Barlov, Dragan"]
[Black "Tseshkovsky, Vitaly"]
[Result "0-1"]
[WhiteElo "2555"]
[BlackElo "2485"]

1.e4 c5 2.Nf3 Nc6 3.d4 cxd4 4.Nxd4 e6 5.Nc3 a6 6.Be2 Qc7 7.O-O Nf6 8.Kh1 d6
9.f4 Be7 10.Be3 O-O 11.Qe1 Nxd4 12.Bxd4 b5 13.a3 Bb7 14.Qg3 Bc6 15.e5 dxe5
16.Bxe5 Qb7 17.f5 exf5 18.Rxf5 Ne8 19.Raf1 f6 20.Bd4 Rd8 21.Be3 g6 22.R5f2 Ng7
23.Bd3 f5 24.Bg5 Bd6 25.Qh3 Rde8 26.Re2 Re6 27.Bf4 Bxf4 28.Rxf4 Rfe8 29.Rf1 Rxe2
30.Nxe2 Ne6 31.Qg3 Be4 32.Nc3 Bxd3 33.Qxd3 Rd8 34.Qe3 Qc6 35.h3 f4 36.Qf2 Rf8
37.Qf3 Qxf3 38.Rxf3 Nd4 39.Rf2 g5 40.Rd2 Nf5 41.Kg1 Kg7 42.Kf2 Kg6 43.Nd5 Ng3
44.Kf3 Re8 45.h4 h6 46.hxg5 hxg5 47.Kg4 Nf5 48.Kf3 Re1 49.Nc3 Kh5 50.Ne2 Rf1+
51.Ke4 Kg4 52.Nc3 Re1+ 53.Kd5 Ne3+ 54.Kc5 Rg1 55.Kb6 Nc4+  0-1

[Event "Vrsac"]
[Site "Vrsac"]
[Date "1987.??.??"]
[Round "?"]
[White "Rogers, Ian"]
[Black "Barlov, Dragan"]
[Result "1-0"]
[WhiteElo "2535"]
[BlackElo "2555"]

1.e4 c5 2.Nf3 e6 3.d4 cxd4 4.Nxd4 Nc6 5.Nc3 Qc7 6.Be2 a6 7.f4 d6 8.Be3 Nf6
9.O-O Be7 10.Qe1 Bd7 11.Qg3 h5 12.f5 h4 13.Qh3 Nxd4 14.Bxd4 e5 15.Be3 Bc6
16.Bd3 b5 17.Bg5 Qa7+ 18.Kh1 Nd7 19.Bxe7 Kxe7 20.a4 b4 21.Nd1 Nf6 22.Nf2 Qd4
23.b3 a5 24.Rad1 Qc5 25.Rde1 Qd4 26.Rd1 Qc3 27.Rfe1 Bb7 28.Ng4 Rac8 29.Nxf6 gxf6
30.Re2 d5 31.exd5 Bxd5 32.Kg1 Qd4+ 33.Qe3 Qxe3+ 34.Rxe3 Rhg8 35.Rd2 Rc3 36.Re1 Bc6
37.Be4 Rd8 38.Rxd8 Kxd8 39.Bxc6 Rxc6 40.Re4 h3 41.Rc4 Rd6 42.gxh3 Ke7 43.h4 Kf8
44.Rc5 Ra6 45.Kf2 Kg7 46.Ke3 Kh6 47.Rc7 Kg7 48.c4 bxc3 49.Kd3 Rd6+ 50.Kxc3 Rd1
51.Ra7 e4 52.Re7 Rc1+ 53.Kd2 Rc5 54.Rxe4 Rxf5 55.b4 axb4 56.Rxb4 Rf2+ 57.Kc3 Rxh2
58.a5 Rh3+ 59.Kb2 Rh2+ 60.Kb3 Rh3+ 61.Ka4  1-0

[Event "Vrsac"]
[Site "Vrsac"]
[Date "1987.??.??"]
[Round "?"]
[White "Tseshkovsky, Vitaly"]
[Black "Rajkovic, Dusan"]
[Result "1/2-1/2"]
[WhiteElo "2485"]
[BlackElo "2480"]

1.e4 c5 2.Nf3 e6 3.d4 cxd4 4.Nxd4 Nc6 5.Nc3 Qc7 6.Be2 a6 7.O-O Nf6 8.Kh1 d6
9.Be3 Be7 10.f4 O-O 11.a4 Re8 12.Bf3 Rb8 13.Qd2 Bf8 14.Rad1 Nxd4 15.Bxd4 e5
16.Ba7 Ra8 17.Be3 Be6 18.f5 Bc4 19.Rfe1 Rac8 20.g4 h6 21.Qg2 Nh7 22.h4 g5
23.fxg6 fxg6 24.g5 h5 25.Rd2 b5 26.axb5 axb5 27.Be2 Qb7 28.Bxc4+ bxc4 29.Rb1 Be7
30.Rf2 Rf8 31.Nd5 Rxf2 32.Qxf2 Rf8 33.Qe2 Kg7 34.Kg2 Qd7 35.Ra1 Rf7 36.Ra7 Qe6
37.Rxe7 Rxe7 38.Nxe7 Qxe7 39.Qxc4 Qd7 40.Kf2 Nf8 41.Qa6 Qh3 42.Qxd6 Qxh4+
43.Ke2 Qxe4 44.Kd2 h4 45.Bc5 Qf4+ 46.Ke2 Qg4+ 47.Ke1 Qg3+  1/2-1/2

[Event "Vrsac"]
[Site "Vrsac"]
[Date "1987.??.??"]
[Round "?"]
[White "Popovic, Petar"]
[Black "Damljanovic, Branko"]
[Result "1-0"]
[WhiteElo "2560"]
[BlackElo "2500"]

1.e4 c5 2.Nf3 Nc6 3.d4 cxd4 4.Nxd4 e6 5.Nc3 Qc7 6.g3 a6 7.Bg2 Nf6 8.O-O Nxd4
9.Qxd4 Bc5 10.Bf4 d6 11.Qd2 h6 12.Rad1 e5 13.Be3 Ke7 14.f4 Be6 15.fxe5 dxe5
16.Nd5+ Bxd5 17.exd5 Rad8 18.Kh1 Ne8 19.Qf2  1-0

[Event "Vrsac"]
[Site "Vrsac"]
[Date "1987.??.??"]
[Round "?"]
[White "Ivanovic, Bozidar"]
[Black "Rajkovic, Dusan"]
[Result "1/2-1/2"]
[WhiteElo "2535"]
[BlackElo "2480"]

1.e4 c5 2.Nf3 Nc6 3.d4 cxd4 4.Nxd4 e6 5.Nc3 Qc7 6.Be2 a6 7.O-O Nf6 8.Kh1 Bb4
9.Qd3 Qd6 10.Nxc6 Qxd3 11.Bxd3 dxc6 12.Na4 Nd7 13.Be3 e5 14.c4 b5 15.Nb6 Nxb6
16.Bxb6 Be7 17.a4 bxa4 18.Rxa4 c5 19.Ra5 Rb8 20.Bxc5 Rxb2 21.Be3 O-O 22.c5 Bd8
23.Ra3 a5 24.f4 Be6 25.f5 Rb3 26.Rfa1 Rxa3 27.Rxa3 Bd7 28.Bc4 Bc7 29.Rb3 Rb8
30.Rxb8+ Bxb8 31.Bd5 Bb5 32.c6 Bd6  1/2-1/2

[Event "Hoogovens-B"]
[Site "Wijk aan Zee"]
[Date "1987.??.??"]
[Round "?"]
[White "Kuijf, Marinus"]
[Black "Winants, Luc"]
[Result "0-1"]
[WhiteElo "2470"]
[BlackElo "2415"]

1.e4 c5 2.Ne2 Nc6 3.d4 cxd4 4.Nxd4 e6 5.Nc3 Nf6 6.Be3 Bb4 7.Bd3 d5 8.Nxc6 bxc6
9.e5 Nd7 10.Qg4 Bf8 11.f4 Rb8 12.Nd1 Qa5+ 13.Kf2 f5 14.Qh5+ g6 15.Qe2 Nc5
16.Bxc5 Qxc5+ 17.Kf1 Qb6 18.Rc1 c5 19.c4 d4 20.Rc2 Be7 21.Nf2 Bb7 22.Rg1 Kd7
23.Qd1 h6 24.g4 Rhg8 25.Nh3 Rbf8 26.g5 Rh8 27.Qe1 Rh7 28.Qg3 Rfh8 29.b3 hxg5
30.Nxg5 Bxg5 31.Qxg5 Qc6 32.Ke1 Rxh2 33.Rxh2 Rxh2 34.Qxg6 Kc7 35.Qf7+ Kb6
36.b4 a6 37.Qe7 Rxa2 38.b5 axb5 39.cxb5 Qd5 40.Qd6+ Ka5 41.Qxd5 Bxd5 42.Rg7 Kb6
43.Rg6 c4 44.Bxf5 d3 45.Bxe6 d2+ 46.Ke2 Bf3+  0-1